Catálogo
 En Linea

Pensamiento social del cristianismo. (Registro nro. 37422)

Detalles MARC
000 -CABECERA
campo de control de longitud fija 00297nam a2200109 a 4500
005 - FECHA Y HORA DE LA ÚLTIMA TRANSACCIÓN
campo de control 20201002031134.0
008 - DATOS DE LONGITUD FIJA--INFORMACIÓN GENERAL
campo de control de longitud fija 130308s2004 000 spa d
040 ## - FUENTE DE LA CATALOGACIÓN
Centro catalogador/agencia de origen DO-SdBNP
100 ## - ENTRADA PRINCIPAL--NOMBRE DE PERSONA
Nombre de persona Foyaca de la Concha, Manuel
9 (RLIN) 64362
245 #0 - MENCIÓN DE TÍTULO
Título Pensamiento social del cristianismo.
260 ## - PUBLICACIÓN, DISTRIBUCIÓN, ETC.
Lugar de publicación, distribución, etc. Santo Domingo.

No hay ítems disponibles.

Con tecnología Koha